Khám phá những bí ẩn về động vật
Cung cấp những thông tin về nguồn gốc, cấu tạo, tập tính, sinh trưởng, môi trường sống... và những bí ẩn của các loài động vật dưới nước, động vật lưỡng cư, động vật bò sát, côn trùng, chim, động vật có vú......
Guardat en:
| Autor principal: | |
|---|---|
| Altres autors: | |
| Format: | Llibre |
| Idioma: | Vietnamese |
| Publicat: |
Hà Nội
Giáo dục
2011
|
| Col·lecció: | Bộ sách Khám phá thế giới dành cho thanh - thiếu niên
|
| Matèries: | |
| Etiquetes: |
Afegir etiqueta
Sense etiquetes, Sigues el primer a etiquetar aquest registre!
|
| Thư viện lưu trữ: | Trung tâm Học liệu Lê Vũ Hùng, Trường Đại học Đồng Tháp |
|---|
| LEADER | 01364pam a22002658a 4500 | ||
|---|---|---|---|
| 001 | 00027295 | ||
| 005 | 20171026081025.0 | ||
| 008 | 111019s2011 ||||||viesd | ||
| 020 | |c 95000 | ||
| 041 | 0 | # | |a vie |
| 082 | 1 | 4 | |a 590 |b KH104PH |
| 100 | 1 | # | |a Hình, Đào |
| 245 | 1 | 0 | |a Khám phá những bí ẩn về động vật |c Ch.b.: Hình Đào, Kỷ Giang Hồng ; Nguyễn Thanh Hà dịch |
| 246 | 3 | 1 | |a Incredible unsolved mysteries of animals |
| 260 | # | # | |a Hà Nội |b Giáo dục |c 2011 |
| 300 | # | # | |a 211tr. |b ảnh màu |c 24cm. |
| 490 | # | # | |a Bộ sách Khám phá thế giới dành cho thanh - thiếu niên |
| 520 | 3 | # | |a Cung cấp những thông tin về nguồn gốc, cấu tạo, tập tính, sinh trưởng, môi trường sống... và những bí ẩn của các loài động vật dưới nước, động vật lưỡng cư, động vật bò sát, côn trùng, chim, động vật có vú... |
| 650 | # | 4 | |a Động vật |v Sách thiếu nhi |x Khoa học thường thức |
| 700 | 1 | # | |a Kỷ, Giang Hồng |e ch.b |
| 700 | 1 | # | |a Kỷ, Giang Hồng |e dịch |
| 852 | # | # | |b Kho đọc |j KD.0011858 |
| 852 | # | # | |j KD.0011858 |
| 910 | |d 19/10/2011 | ||
| 980 | # | # | |a Trung tâm Học liệu Lê Vũ Hùng, Trường Đại học Đồng Tháp |